| 000 | 00652nam a2200205 i 4500 | ||
|---|---|---|---|
| 001 | 44814 | ||
| 003 | ES-MaACL | ||
| 005 | 20230906161110.0 | ||
| 007 | t| | ||
| 008 | 030324s1957 sp ||||1| spa d | ||
| 100 | 1 |
_aCloché, Paul. _939274 |
|
| 245 | 1 | 3 |
_aEl siglo de Pericles / _cPaul Cloché ; traducción castellana de Rafael María Bofill. |
| 260 |
_aBarcelona : _bVergara, _c[1957] ( _fTip. Catalana) |
||
| 300 |
_a137 p. ; _c18 cm. |
||
| 490 | 1 | _aColección nuevos horizontes | |
| 700 | 1 |
_aBofill, Rafael María. _929781 |
|
| 830 | 0 |
_aColección nuevos horizontes _9181509 |
|
| 852 |
_aES-MaACL _jC-13465 _bR.41100 |
||
| 999 |
_c44814 _d44814 |
||